Statistics for Most Receptive Countries To Immigrants In Europe

Click here to take the quiz!

General Stats

  • This quiz has been taken 65 times
  • The average score is 14 of 15

Answer Stats

Country% Correct
Norway
98%
Spain
98%
Austria
97%
Sweden
97%
Switzerland
97%
United Kingdom
97%
Denmark
95%
Germany
95%
Portugal
95%
Belgium
93%
Ireland
93%
Netherlands
92%
Iceland
86%
Slovenia
76%
Albania
51%

Score Distribution

Percentile by Number Answered

Percent of People with Each Score

Your Score History

You have not taken this quiz